00505nam a2200181Ia 4500003000400000005001700004008004100021020002900062040001700091082002000108100002300128245006300151250001100214260002800225300001700253650002900270650002400299IIN20250521124144.0231217s9999 xx 000 0 und d cRs.795.00a9789352706914 aIINbEnglish a362.10425 bMAI1 aMaiti, Prithwiraj  2aAn Ultimate Guide to Community Medicine/cPrithwiraj Maiti a3rd ed aNew DelhibJaypeec2019 axvii, 633 p.1 aCommunity Health Nursing1 aMedicine. Community